000
00288 a2200121 4500
000
nam a22 7a 4500
005
20260207153053.0
020
_a
9789349531550
100
_a
Ranga Hari
_9
1114380
245
_a
Draupadi in Vyas Mahabharat
260
_b
Kitabwale
_c
2025
942
_c
TEXL
999
_c
1678924
_d
1678924